Home Print Resources E-Books E-Journals IIMT Lecture Series Library Membership Form Book Recommendation Form Campus Tour Take AdmissionAbout Us Contact Us

Business correspondence and reoprt writing (Record no. 7297)

000 -LEADER
fixed length control field 00367nam a2200157Ia 4500
003 - CONTROL NUMBER IDENTIFIER
control field OSt
005 - DATE AND TIME OF LATEST TRANSACTION
control field 20240216165137.0
008 - FIXED-LENGTH DATA ELEMENTS--GENERAL INFORMATION
fixed length control field 170524s9999 xx 000 0 und d
020 ## - INTERNATIONAL STANDARD BOOK NUMBER
International Standard Book Number 9789385965050
040 ## - CATALOGING SOURCE
Transcribing agency IIMT
100 ## - MAIN ENTRY--PERSONAL NAME
Personal name Sharma.R.C.
245 #0 - TITLE STATEMENT
Title Business correspondence and reoprt writing
260 ## - PUBLICATION, DISTRIBUTION, ETC.
Name of publisher, distributor, etc. Tata mcgraw hill
260 ## - PUBLICATION, DISTRIBUTION, ETC.
Date of publication, distribution, etc. 2005
942 ## - ADDED ENTRY ELEMENTS (KOHA)
Source of classification or shelving scheme
Koha item type Book Bank
Holdings
Withdrawn status Lost status Source of classification or shelving scheme Damaged status Not for loan Home library Current library Date acquired Barcode Date last seen Uniform Resource Identifier Price effective from Koha item type
          IIMT University Central Library Meerut IIMT University Central Library Meerut 05/30/2017 01-B-77252 05/30/2017 hotel management 05/30/2017 Book Bank
          IIMT University Central Library Meerut IIMT University Central Library Meerut 05/30/2017 01-B-77253 05/30/2017 hotel management 05/30/2017 Book Bank
          IIMT University Central Library Meerut IIMT University Central Library Meerut 05/30/2017 01-B-77254 05/30/2017 hotel management 05/30/2017 Book Bank
          IIMT University Central Library Meerut IIMT University Central Library Meerut 05/30/2017 01-B-77255 05/30/2017 hotel management 05/30/2017 Book Bank
          IIMT University Central Library Meerut IIMT University Central Library Meerut 05/30/2017 01-B-77256 05/30/2017 hotel management 05/30/2017 Book Bank
          IIMT University Central Library Meerut IIMT University Central Library Meerut 05/30/2017 01-B-77257 05/30/2017 hotel management 05/30/2017 Book Bank
          IIMT University Central Library Meerut IIMT University Central Library Meerut 05/30/2017 01-B-77258 05/30/2017 hotel management 05/30/2017 Book Bank
          IIMT University Central Library Meerut IIMT University Central Library Meerut 05/30/2017 01-B-77259 05/30/2017 hotel management 05/30/2017 Book Bank
          IIMT University Central Library Meerut IIMT University Central Library Meerut 05/30/2017 01-B-77260 05/30/2017 hotel management 05/30/2017 Book Bank
          IIMT University Central Library Meerut IIMT University Central Library Meerut 05/30/2017 01-B-77261 05/30/2017 hotel management 05/30/2017 Book Bank
IIMT, Central Library. All Rights Reserved IIMT,UNIVERSITY © 2023
Implemented and Customised by I CLOUDE EMS
You Are OPAC Visitor No
free web counter

Powered by Koha